| 000 | 00928nam a2200265 4500 | ||
|---|---|---|---|
| 001 | 45461 | ||
| 010 | _a9789720726872 | ||
| 021 |
_aPT _b366633/13 |
||
| 090 | _a45461 | ||
| 100 | _a20150514e20142013c y0pory50030103ba | ||
| 102 | _aPT | ||
| 200 | 1 |
_aO têpluquê e outras histórias _fManuel António Pina _gil. Anabela Dias |
|
| 205 | _a1<U+00AA> ed., | ||
| 210 | 9 |
_aLisboa _cPorto Editora, _d2014 |
|
| 215 |
_a63 p. _cil. _d21 cm |
||
| 225 | 2 | _aEduca—cão literária | |
| 300 | _aLeitura obrigatória no 2<U+00BA> ano de escolaridade | ||
| 327 | 1 | _aInclui: Guião de explora—cão e fichas de leitura | |
| 675 |
_a82-93 _vBN _zpor |
||
| 675 |
_a821.134.3-34Pina, Manuel António.09(072) _vBN _zpor |
||
| 700 | 1 |
_aPina, _bManuel António, _f1943-2012 |
|
| 702 | 1 |
_aDias, _bAnabela, _f1994- _4440 |
|
| 801 | 0 |
_aPT _bBN _gRPC |
|
| 856 | 4 | 1 | _uhttp://rnod.bnportugal.gov.pt/ImagesBN/winlibimg.aspx?skey=&doc=1900620&img=58823&save=true |
| 990 | _cLIVROS | ||